[Event "Canada Day op"]
[Site "Richmond CAN"]
[Date "2022.07.02"]
[Round "3.2"]
[White "Wang, Jerry"]
[Black "Cheng, Louis"]
[Result "0-1"]
[WhiteElo "2080"]
[BlackElo "1953"]
[PlyCount "144"]
[EventDate "2022.07.01"]
[EventType "swiss"]
[EventRounds "6"]
[EventCountry "CAN"]

1. c4 Nf6 2. g3 e5 3. Bg2 d6 4. Nc3 g6 5. e3 c6 6. d4 Nbd7 7. Nge2 h5 8. h4 Bg7
9. b3 O-O 10. O-O Qc7 11. Ba3 Rd8 12. Qd2 Nb6 13. Rfd1 Bg4 14. Rac1 Qd7 15. Qc2
Qe8 16. Rd2 exd4 17. Nxd4 d5 18. c5 Nbd7 19. Re1 Qe5 20. f4 Qc7 21. Nd1 Qa5 22.
Qc1 Ne4 23. Bxe4 dxe4 24. Nf2 Bf5 25. Red1 Nf6 26. Nxf5 gxf5 27. Bb4 Qc7 28.
Bc3 Nd5 29. Bxg7 Kxg7 30. Rd4 Qe7 31. a3 Qf6 32. Qd2 Qg6 33. Kh2 Kf8 34. b4 a6
35. Nh3 Qg4 36. Ng1 Ke7 37. Qf2 Rg8 38. a4 Rad8 39. b5 axb5 40. axb5 Ra8 41.
bxc6 bxc6 42. R4d2 Ra3 43. Re1 Rc3 44. Ne2 Rxc5 45. Nd4 Nb4 46. Rg1 Nd3 47. Qe2
Ra8 48. Rb1 Qxe2+ 49. Rxe2 Ra7 50. Rd2 Kf6 51. Rb6 Rc7 52. Ra6 Rc1 53. Re2 Nb4
54. Rb6 Nd5 55. Ra6 Rc4 56. Kg2 Nxe3+ 57. Rxe3 Rxd4 58. Rc3 Rd6 59. Kf2 Ke6 60.
Rc5 Rd2+ 61. Kf1 Rd3 62. Raxc6+ Rxc6 63. Rxc6+ Rd6 64. Rc5 Rd2 65. Rc6+ Kd5 66.
Rf6 Kd4 67. Rxf5 Ke3 68. Rxh5 Kf3 69. Ke1 e3 70. Re5 Rh2 71. Kd1 Rh1+ 72. Kc2
e2 0-1

[Event "Canada Day op"]
[Site "Richmond CAN"]
[Date "2022.07.02"]
[Round "3.3"]
[White "Petrov, Oscar"]
[Black "Taylor, Ashton"]
[Result "1-0"]
[WhiteElo "1990"]
[BlackElo "1890"]
[PlyCount "41"]
[EventDate "2022.07.01"]
[EventType "swiss"]
[EventRounds "6"]
[EventCountry "CAN"]

1. e4 e5 2. Nf3 Nf6 3. Nxe5 d6 4. Nf3 Nxe4 5. Nc3 Nxc3 6. dxc3 Be7 7. Be3 O-O
8. Qd2 Nd7 9. O-O-O Nf6 10. Bd3 d5 11. Nd4 g6 12. Bh6 Re8 13. f3 c5 14. Nf5 Bf8
15. Bxf8 Rxf8 16. Nh6+ Kg7 17. h4 Qa5 18. h5 Qxa2 19. Qg5 c4 20. Nf5+ Bxf5 21.
h6+ 1-0

[Event "Canada Day op"]
[Site "Richmond CAN"]
[Date "2022.07.02"]
[Round "4.1"]
[White "Cheng, Louis"]
[Black "Zhu, Brandon"]
[Result "0-1"]
[WhiteElo "1953"]
[BlackElo "2176"]
[PlyCount "100"]
[EventDate "2022.07.01"]
[EventType "swiss"]
[EventRounds "6"]
[EventCountry "CAN"]

1. d4 d6 2. Nf3 f5 3. g3 Nf6 4. Bg2 g6 5. c3 Bg7 6. Qb3 d5 7. Ne5 Nc6 8. Bf4
O-O 9. a4 e6 10. Nd2 Nh5 11. Nxc6 bxc6 12. Be5 Bxe5 13. dxe5 Qe7 14. Qc2 a5 15.
Nb3 Bd7 16. Bf3 Ng7 17. h4 h5 18. e3 Rfb8 19. Nc1 Ra6 20. Nd3 Ra7 21. Kf1 Bc8
22. Kg2 Ba6 23. Nf4 Qe8 24. Rhb1 Rab7 25. b3 Rb6 26. Ra2 c5 27. Rab2 Kh7 28.
Be2 Bxe2 29. Qxe2 R8b7 30. f3 Qb8 31. Nd3 Rxb3 32. Rxb3 Rxb3 33. Rxb3 Qxb3 34.
Nxc5 Qxc3 35. Nd7 f4 36. Nf6+ Kh6 37. g4 g5 38. exf4 gxf4 39. Kh3 Qe3 40. Qxe3
fxe3 41. Kg2 c5 42. Kf1 d4 43. Ke2 Kg6 44. Nd7 c4 45. Nc5 Nf5 46. gxf5+ Kxf5
47. Nb7 Kf4 48. Nxa5 d3+ 49. Kd1 c3 50. Nb3 Kxf3 0-1

[Event "Canada Day op"]
[Site "Richmond CAN"]
[Date "2022.07.02"]
[Round "4.2"]
[White "Tang, Edward"]
[Black "Petrov, Oscar"]
[Result "0-1"]
[WhiteElo "1892"]
[BlackElo "1990"]
[PlyCount "102"]
[EventDate "2022.07.01"]
[EventType "swiss"]
[EventRounds "6"]
[EventCountry "CAN"]

1. d4 Nf6 2. c4 c5 3. d5 e6 4. Nc3 exd5 5. cxd5 d6 6. g3 g6 7. Bg2 Bg7 8. Nf3
O-O 9. O-O a6 10. a4 Nbd7 11. Bf4 Qe7 12. Re1 Ng4 13. Qc2 Rb8 14. a5 b5 15.
axb6 Rxb6 16. h3 Ngf6 17. e4 Re8 18. Nd2 Rb4 19. Bf1 Nb6 20. Be3 Nfd7 21. b3
Qf6 22. Rac1 Qxc3 23. Qxc3 Bxc3 24. Rxc3 f5 25. exf5 Nxd5 26. Bc4 N7b6 27. Rd3
Nxc4 28. bxc4 Nxe3 29. fxg6 hxg6 30. Rxd6 Kf7 31. Rxe3 Rxe3 32. fxe3 Rb2 33. g4
Bb7 34. Kf1 a5 35. Ke1 a4 36. Rd3 g5 37. Ra3 Bc6 38. Kd1 Ke6 39. Kc1 Rb8 40.
Kc2 Ke5 41. Kd1 Rh8 42. e4 Kd4 43. Ke2 Bxe4 44. Nxe4 Kxe4 45. Rxa4 Rxh3 46. Kf2
Rh2+ 47. Kg3 Rc2 48. Ra8 Rc3+ 49. Kf2 Kf4 50. Ke2 Rxc4 51. Rf8+ Kxg4 0-1

[Event "Canada Day op"]
[Site "Richmond CAN"]
[Date "2022.07.02"]
[Round "4.3"]
[White "He, Matthew"]
[Black "Duburg, Jamie"]
[Result "1-0"]
[WhiteElo "1832"]
[BlackElo "1904"]
[PlyCount "47"]
[EventDate "2022.07.01"]
[EventType "swiss"]
[EventRounds "6"]
[EventCountry "CAN"]

1. d4 Nf6 2. c4 d5 3. cxd5 Nxd5 4. Nf3 g6 5. e4 Nb6 6. h3 Bg7 7. Nc3 e6 8. Be3
O-O 9. Be2 N8d7 10. O-O Nf6 11. b4 Qe7 12. b5 Bd7 13. a4 c6 14. a5 Nc8 15. Qb3
cxb5 16. Bxb5 Rd8 17. e5 Ne8 18. Bc4 Bc6 19. Bg5 f6 20. Bxe6+ Kh8 21. exf6 Bxf6
22. Bxf6+ Qxf6 23. d5 Bd7 24. Ne4 1-0

[Event "Canada Day op"]
[Site "Richmond CAN"]
[Date "2022.07.03"]
[Round "5.1"]
[White "Petrov, Oscar"]
[Black "Zhu, Brandon"]
[Result "1/2-1/2"]
[WhiteElo "1990"]
[BlackElo "2176"]
[PlyCount "63"]
[EventDate "2022.07.01"]
[EventType "swiss"]
[EventRounds "6"]
[EventCountry "CAN"]

1. e4 e5 2. Nf3 Nc6 3. Bc4 Nf6 4. d3 Be7 5. c3 O-O 6. O-O d6 7. b4 a5 8. b5 Nb8
9. Re1 Nbd7 10. a4 Re8 11. Bxf7+ Kh8 12. Ng5 Nc5 13. Bxe8 Qxe8 14. d4 Ne6 15.
Nxe6 Bxe6 16. Bg5 Qg6 17. Bxf6 Bxf6 18. d5 Bg4 19. f3 Bd7 20. Nd2 b6 21. Nf1
Rf8 22. Ra2 Bg5 23. Qe2 h5 24. Qc4 Bd8 25. Rf2 h4 26. Qe2 Bg5 27. Qc4 Bd8 28.
Qe2 Bg5 29. g3 h3 30. Qc4 Bd8 31. Re3 Qh6 32. Rd3 1/2-1/2

[Event "Canada Day op"]
[Site "Richmond CAN"]
[Date "2022.07.03"]
[Round "5.2"]
[White "Landingin, Jofrel"]
[Black "He, Matthew"]
[Result "0-1"]
[WhiteElo "1810"]
[BlackElo "1832"]
[PlyCount "168"]
[EventDate "2022.07.01"]
[EventType "swiss"]
[EventRounds "6"]
[EventCountry "CAN"]

1. e4 c6 2. Nc3 d5 3. d4 dxe4 4. Nxe4 Bf5 5. Ng3 Bg6 6. Nf3 Nd7 7. Bd3 Bxd3 8.
Qxd3 e6 9. O-O Ngf6 10. b3 c5 11. Bb2 Be7 12. Rad1 O-O 13. c4 Qc7 14. Rfe1 cxd4
15. Bxd4 Rfd8 16. Qb1 a5 17. Bb2 a4 18. Ng5 h6 19. N5e4 Qc6 20. h3 axb3 21.
axb3 b5 22. c5 Nxe4 23. Nxe4 Nxc5 24. Rc1 Qb6 25. Re3 Nxe4 26. Rxe4 Rd2 27. Rf1
f5 28. Rf4 Rc8 29. Bc1 Re2 30. Be3 Bc5 31. Bxc5 Qxc5 32. b4 Qe5 33. Rf3 Rcc2
34. Qa1 Qxa1 35. Rxa1 Rb2 36. Ra8+ Kf7 37. g4 g6 38. Ra7+ Kf6 39. Kf1 Re4 40.
Rh7 Kg5 41. gxf5 exf5 42. Rd3 Rbxb4 43. Rd6 Rb1+ 44. Kg2 Rbe1 45. Rb6 b4 46.
Rg7 h5 47. Rgxg6+ Kh4 48. Rg3 Rb1 49. Rf3 f4 50. Rb5 Rd4 51. Kh2 Rb2 52. Kg2
Rc2 53. Kh2 Rc3 54. Kg2 Rxf3 55. Kxf3 Rd3+ 56. Kxf4 Rb3 57. Ke4 Rb1 58. f4 b3
59. Kd3 Rh1 60. Ke4 Rxh3 61. Kf5 Rf3 62. Ke4 Rc3 63. Ke5 Kg4 64. Kd4 Rf3 65. f5
Kg5 66. Ke4 Rh3 67. Rb8 Kf6 68. Rf8+ Ke7 69. Rb8 Rc3 70. Rb6 h4 71. f6+ Kf7 72.
Kf5 h3 73. Rb7+ Kf8 74. Kg6 Rg3+ 75. Kf5 h2 76. Rb8+ Kf7 77. Rb7+ Kf8 78. Rb8+
Kf7 79. Rb7+ Ke8 80. f7+ Kf8 81. Kf6 Rf3+ 82. Kg6 h1=Q 83. Rb8+ Ke7 84. Rb7+
Kd6 0-1

[Event "Canada Day op"]
[Site "Richmond CAN"]
[Date "2022.07.03"]
[Round "5.3"]
[White "Wang, Jerry"]
[Black "Tang, Edward"]
[Result "1-0"]
[WhiteElo "2080"]
[BlackElo "1892"]
[PlyCount "87"]
[EventDate "2022.07.01"]
[EventType "swiss"]
[EventRounds "6"]
[EventCountry "CAN"]

1. c4 e6 2. g3 d5 3. cxd5 exd5 4. d4 c6 5. Bg2 Nf6 6. Nc3 Be7 7. Nf3 O-O 8. O-O
Re8 9. Re1 Bf5 10. Nh4 Be6 11. Qc2 Nbd7 12. Nf5 Bf8 13. e3 Nb6 14. Nh4 Qd7 15.
b3 g6 16. Bb2 Bd6 17. Rad1 Bh3 18. f3 Bxg2 19. Kxg2 Rac8 20. e4 dxe4 21. fxe4
Bb4 22. Nf3 Qg4 23. h3 Qh5 24. a3 Bf8 25. g4 Nxg4 26. hxg4 Qxg4+ 27. Kf2 Bg7
28. Rg1 Qe6 29. Rge1 Nd7 30. e5 f6 31. exf6 Qxf6 32. Ne4 Qf4 33. Qc4+ Kh8 34.
Bc1 Qf8 35. Neg5 Nb6 36. Qf7 Rxe1 37. Rxe1 Rd8 38. Qxf8+ Rxf8 39. Ne6 Re8 40.
Nc5 Rf8 41. Kg2 h6 42. Rh1 Kh7 43. Ne6 Rf7 44. Nfg5+ 1-0

[Event "Canada Day op"]
[Site "Richmond CAN"]
[Date "2022.07.03"]
[Round "6.1"]
[White "Zhu, Brandon"]
[Black "He, Matthew"]
[Result "1/2-1/2"]
[WhiteElo "2176"]
[BlackElo "1832"]
[PlyCount "92"]
[EventDate "2022.07.01"]
[EventType "swiss"]
[EventRounds "6"]
[EventCountry "CAN"]

1. Nf3 d5 2. c4 e6 3. e3 Nf6 4. b3 Nbd7 5. Bb2 Bd6 6. d4 c6 7. Bd3 b6 8. O-O
O-O 9. Nc3 Bb7 10. Qc2 c5 11. cxd5 exd5 12. Rfd1 Qe7 13. h3 Ne4 14. Qe2 Rac8
15. Ba6 cxd4 16. Nxe4 Bxa6 17. Qxa6 dxe4 18. Nxd4 Nc5 19. Qe2 Be5 20. Nf5 Qf6
21. Bxe5 Qxf5 22. Bd6 Rfd8 23. Bxc5 Qxc5 24. Rac1 Qxc1 25. Rxc1 Rxc1+ 26. Kh2
g6 27. Qg4 f5 28. Qe2 Rd3 29. Kg3 Rcd1 30. Qc2 R1d2 31. Qc8+ Kg7 32. Qc7+ Rd7
33. Qc3+ Kf7 34. a4 Ke6 35. h4 R7d3 36. Qc4+ Kf6 37. Qc6+ Kg7 38. Qc7+ Rd7 39.
Qe5+ Kh6 40. Qf4+ Kg7 41. h5 R2d3 42. Qe5+ Kh6 43. b4 R3d5 44. Qf6 R5d6 45. Qe5
Rd5 46. Qf6 R5d6 1/2-1/2

[Event "Canada Day op"]
[Site "Richmond CAN"]
[Date "2022.07.03"]
[Round "6.2"]
[White "Petrov, Oscar"]
[Black "Wang, Jerry"]
[Result "0-1"]
[WhiteElo "1990"]
[BlackElo "2080"]
[PlyCount "93"]
[EventDate "2022.07.01"]
[EventType "swiss"]
[EventRounds "6"]
[EventCountry "CAN"]

1. e4 e5 2. Nf3 Nc6 3. Bc4 Nf6 4. d3 h6 5. c3 d6 6. b4 Be7 7. a4 a6 8. Qb3 O-O
9. O-O Rb8 10. Na3 Bg4 11. Ne1 Be2 12. Ra2 Bxf1 13. Kxf1 Qd7 14. f3 Rbd8 15.
Bd5 Nxd5 16. exd5 Nb8 17. b5 b6 18. a5 bxa5 19. bxa6 Nxa6 20. Qc4 Ra8 21. Nb5
Rfb8 22. Rxa5 Nc5 23. Ra7 Rxa7 24. Nxa7 Qa4 25. Qxa4 Nxa4 26. Nc6 Re8 27. c4
Bg5 28. Bxg5 hxg5 29. g4 Nc5 30. Nb4 Ra8 31. Nec2 Kf8 32. Kf2 Ke7 33. Kg3 Kd7
34. d4 exd4 35. Nxd4 Ra4 36. Ndc2 Na6 37. Nc6 Rxc4 38. Ne3 Ra4 39. Nf5 g6 40.
Nh6 Ke8 41. Ng8 Nb4 42. Nf6+ Kf8 43. Nb8 Ra8 44. h4 Nxd5 45. Nfd7+ Ke7 46. h5
Nf6 47. h6 0-1

[Event "Canada Day op"]
[Site "Richmond CAN"]
[Date "2022.07.03"]
[Round "6.3"]
[White "Cheng, Louis"]
[Black "Roback, Joe"]
[Result "1-0"]
[WhiteElo "1953"]
[BlackElo "2092"]
[PlyCount "57"]
[EventDate "2022.07.01"]
[EventType "swiss"]
[EventRounds "6"]
[EventCountry "CAN"]

1. d4 d5 2. Nf3 Nf6 3. e3 c5 4. Be2 Nc6 5. O-O Bg4 6. a3 e6 7. dxc5 Bxc5 8. b4
Be7 9. Bb2 Rc8 10. Nbd2 O-O 11. Rc1 Bd6 12. c4 Bb8 13. Qa4 Ne4 14. Rfd1 Qc7 15.
g3 Bf5 16. cxd5 exd5 17. Nh4 Be6 18. Nxe4 dxe4 19. b5 Qa5 20. Qxe4 Ne7 21. Rxc8
Nxc8 22. Bd3 g6 23. Nxg6 hxg6 24. Qh4 f5 25. Qh8+ Kf7 26. Qf6+ Ke8 27. Qxe6+
Ne7 28. Bc4 Qc7 29. Be5 1-0

[Event "Canada Int. op"]
[Site "Contrecoeur CAN"]
[Date "2022.10.07"]
[Round "1.1"]
[White "Xu, Daniel"]
[Black "Rodrigue-Lemieux, Shawn"]
[Result "1-0"]
[WhiteElo "2020"]
[BlackElo "2482"]
[PlyCount "81"]
[EventDate "2022.10.07"]
[EventType "swiss"]
[EventRounds "5"]
[EventCountry "CAN"]

1. e4 c6 2. d4 d5 3. exd5 cxd5 4. c4 Nf6 5. Nc3 e6 6. Nf3 Bb4 7. cxd5 Nxd5 8.
Qc2 Nc6 9. Bd3 Ba5 10. a3 Nxc3 11. bxc3 Nxd4 12. Nxd4 Qxd4 13. O-O Qe5 14. Be3
Bd7 15. Bd4 Qh5 16. Be4 Bc6 17. Bxg7 Rg8 18. Bxc6+ bxc6 19. Qe4 Qd5 20. Qxh7
O-O-O 21. g3 Qf3 22. Rab1 Bc7 23. Bd4 c5 24. Bg7 f6 25. Bxf6 Qxf6 26. Qe4 Kd7
27. Rb7 Qe7 28. Qa4+ Kc8 29. Qa6 Rd6 30. Rxc7+ Kxc7 31. Qxa7+ Kd8 32. Qb8+ Kd7
33. Qxg8 Rb6 34. Rd1+ Kc7 35. Qa8 Rb7 36. a4 Rb2 37. Qa5+ Kb7 38. Rd8 Rb1+ 39.
Kg2 Kc6 40. Qa6+ Rb6 41. Rc8+ 1-0

[Event "Canada Int. op"]
[Site "Contrecoeur CAN"]
[Date "2022.10.07"]
[Round "1.2"]
[White "Liang, Jason"]
[Black "Trottier, Yves"]
[Result "1-0"]
[WhiteElo "2469"]
[BlackElo "1973"]
[PlyCount "107"]
[EventDate "2022.10.07"]
[EventType "swiss"]
[EventRounds "5"]
[EventCountry "CAN"]

1. e4 e5 2. Nf3 Nf6 3. d4 Nxe4 4. Bd3 Nc6 5. Nxe5 Nxe5 6. dxe5 Nc5 7. Bc4 Be7
8. Nc3 O-O 9. Be3 c6 10. O-O b5 11. Bd3 Nxd3 12. Qxd3 f6 13. exf6 Bxf6 14. Bc5
Be7 15. Bxe7 Qxe7 16. Rae1 Qf7 17. Qd6 Qf6 18. Ne4 Qxd6 19. Nxd6 b4 20. Re7 Ba6
21. Rd1 Rad8 22. Re5 Rf4 23. Ra5 Be2 24. Rd2 Bg4 25. Rxa7 Be6 26. f3 Bd5 27.
Re2 Be6 28. Ne4 Rf5 29. Rd2 Rb5 30. b3 Bd5 31. c4 bxc3 32. Nxc3 Rc5 33. Nxd5
cxd5 34. Kf2 Kf8 35. Ra4 Ke7 36. Rh4 h6 37. Rg4 Kf7 38. Kg3 Rb8 39. h4 Rb6 40.
Rdd4 Rd6 41. a4 Ra5 42. h5 Rc6 43. Rb4 Ra7 44. Kf4 Ra5 45. Rb7 Rf6+ 46. Ke3 Rd6
47. Kd4 Raa6 48. Rb5 Rab6 49. Rxb6 Rxb6 50. Kc3 Rc6+ 51. Kd2 Ra6 52. Rg6 Ra5
53. Kd3 Ra8 54. Rd6 1-0

[Event "Canada Int. op"]
[Site "Contrecoeur CAN"]
[Date "2022.10.07"]
[Round "1.3"]
[White "Adam, Rafael"]
[Black "Sambuev, Bator"]
[Result "1-0"]
[WhiteElo "1971"]
[BlackElo "2436"]
[PlyCount "109"]
[EventDate "2022.10.07"]
[EventType "swiss"]
[EventRounds "5"]
[EventCountry "CAN"]

1. d4 e6 2. c4 Nf6 3. Nf3 b6 4. g3 Ba6 5. Qc2 c5 6. Bg2 Bb7 7. O-O cxd4 8. Nxd4
Bxg2 9. Kxg2 Qc7 10. b3 a6 11. Nc3 Be7 12. e4 O-O 13. f4 Qb7 14. Nf3 d6 15. Re1
Nc6 16. Bb2 b5 17. cxb5 axb5 18. a4 b4 19. Nb5 d5 20. Bxf6 Bxf6 21. e5 Be7 22.
Rac1 Rac8 23. Qd3 Na5 24. Nfd4 Qb6 25. Rc2 Rxc2+ 26. Qxc2 Bc5 27. Nf3 h6 28.
Qd3 Rc8 29. Rc1 Rc6 30. Rc2 Qa6 31. f5 exf5 32. Qxd5 Qc8 33. Nd6 Bxd6 34. Rxc6
Qxc6 35. Qxc6 Nxc6 36. exd6 Kf8 37. Kf2 Ke8 38. Ke3 g6 39. Kd3 Kd7 40. Kc4 Kxd6
41. Nd4 Ne7 42. a5 g5 43. Kxb4 f4 44. gxf4 g4 45. a6 Kc7 46. Kc5 h5 47. b4 Nc8
48. Nf5 Nb6 49. b5 Na4+ 50. Kb4 Nb6 51. Ne3 Nd7 52. Nd5+ Kb8 53. Ka5 h4 54. b6
g3 55. Nc7 1-0

[Event "Canada Int. op"]
[Site "Contrecoeur CAN"]
[Date "2022.10.07"]
[Round "1.4"]
[White "Sai Krishna, GV."]
[Black "Latorre, Vincent"]
[Result "1-0"]
[WhiteElo "2405"]
[BlackElo "1949"]
[PlyCount "81"]
[EventDate "2022.10.07"]
[EventType "swiss"]
[EventRounds "5"]
[EventCountry "CAN"]

1. e4 e5 2. Nf3 Nc6 3. Bb5 a6 4. Ba4 Nf6 5. O-O Nxe4 6. d4 b5 7. Bb3 d5 8. dxe5
Be6 9. Nbd2 Nc5 10. Re1 Be7 11. Nf1 Nxb3 12. axb3 d4 13. Ng3 O-O 14. h3 Qd5 15.
Ne2 Rfd8 16. Nf4 Qd7 17. g4 Nb4 18. Bd2 d3 19. Bxb4 Bxb4 20. c3 Bc5 21. Nd2 Be7
22. Re3 Bg5 23. Qf3 Qc8 24. b4 Ra7 25. Ne4 Bxf4 26. Qxf4 Bc4 27. Nc5 d2 28. Rd1
a5 29. b3 Bd5 30. Rd3 axb4 31. R3xd2 bxc3 32. Rxd5 Rxd5 33. Rxd5 Ra1+ 34. Kh2
c2 35. Nd3 h6 36. Qd2 Qa8 37. Nc1 Qa3 38. Rd8+ Kh7 39. Qxc2+ g6 40. Qxc7 Kg7
41. e6 1-0

[Event "Canada Int. op"]
[Site "Contrecoeur CAN"]
[Date "2022.10.07"]
[Round "1.5"]
[White "Poulin, Maurice"]
[Black "Lawson, Eric"]
[Result "1/2-1/2"]
[WhiteElo "1928"]
[BlackElo "2371"]
[PlyCount "94"]
[EventDate "2022.10.07"]
[EventType "swiss"]
[EventRounds "5"]
[EventCountry "CAN"]

1. e4 c5 2. Nf3 d6 3. Bb5+ Bd7 4. Bxd7+ Qxd7 5. c4 Qg4 6. O-O Qxe4 7. d4 cxd4
8. Re1 Qg4 9. h3 Qd7 10. Nxd4 a6 11. Nc3 Nf6 12. Nd5 Nxd5 13. cxd5 g6 14. Bg5
Kd8 15. Rc1 h6 16. Be3 Bg7 17. Qb3 Ke8 18. Qb6 Qd8 19. Qxb7 Nd7 20. Nc6 Qc8 21.
Qb3 Kf8 22. Re2 Bf6 23. Qd1 Qb7 24. Bd4 Re8 25. Rc3 Qb5 26. Rd3 Bxd4 27. Rxd4
Nf6 28. Rc2 Kg7 29. a4 Qb3 30. Qd2 Rc8 31. Rc3 Qb7 32. Rb4 Qd7 33. Qd4 e6 34.
dxe6 fxe6 35. Rbc4 Rc7 36. b4 e5 37. Qd2 Ne4 38. Rxe4 Rxc6 39. Rec4 Rhc8 40.
Rxc6 Rxc6 41. Rxc6 Qxc6 42. a5 Qc4 43. Qb2 Kf7 44. Qd2 d5 45. Qxh6 d4 46. Qh7+
Kf6 47. Qh8+ Kf7 1/2-1/2

[Event "Canada Int. op"]
[Site "Contrecoeur CAN"]
[Date "2022.10.07"]
[Round "1.6"]
[White "Chiku-Ratte, Olivier-Kenta"]
[Black "Gingras, Philippe"]
[Result "1-0"]
[WhiteElo "2355"]
[BlackElo "1927"]
[PlyCount "89"]
[EventDate "2022.10.07"]
[EventType "swiss"]
[EventRounds "5"]
[EventCountry "CAN"]

1. d4 Nf6 2. c4 e6 3. Nf3 Bb4+ 4. Bd2 Bxd2+ 5. Qxd2 d5 6. Nc3 O-O 7. g3 b6 8.
Bg2 Bb7 9. cxd5 exd5 10. O-O Nbd7 11. Rac1 c6 12. Nh4 Re8 13. b4 Nf8 14. b5 Qd7
15. Nf3 Ng6 16. bxc6 Bxc6 17. Qb2 h6 18. Rfd1 Rac8 19. Qa3 Rc7 20. e3 Ba8 21.
Rb1 Bc6 22. Qb2 Qe6 23. Nd2 Rec8 24. h3 Kh7 25. a4 Be8 26. Rbc1 a6 27. Bf1 Rxc3
28. Rxc3 Rxc3 29. Qxc3 Bxa4 30. Rc1 b5 31. Qc7 Ne7 32. Bd3+ g6 33. Kg2 Kg7 34.
Qe5 Qxe5 35. dxe5 Nd7 36. f4 Nb6 37. Rc7 Kf8 38. e4 Nc4 39. exd5 Ne3+ 40. Kf2
N3xd5 41. Ra7 Nb4 42. Be4 Ned5 43. Bxd5 Nxd5 44. Rxa6 Ke7 45. Ra7+ 1-0

[Event "Canada Int. op"]
[Site "Contrecoeur CAN"]
[Date "2022.10.07"]
[Round "1.7"]
[White "Batorshyn, Ilia"]
[Black "Hebert, Jean"]
[Result "0-1"]
[WhiteElo "1909"]
[BlackElo "2340"]
[PlyCount "92"]
[EventDate "2022.10.07"]
[EventType "swiss"]
[EventRounds "5"]
[EventCountry "CAN"]

1. Nf3 d5 2. d4 Nf6 3. c4 c6 4. e3 e6 5. Nbd2 c5 6. cxd5 exd5 7. b3 Nc6 8. Bb2
cxd4 9. Nxd4 Bd6 10. Rc1 Bd7 11. Be2 O-O 12. O-O Re8 13. Nxc6 bxc6 14. Nf3 Ne4
15. Qd4 f6 16. Qd1 Qc7 17. h3 Qb6 18. Nd4 Rad8 19. Bg4 c5 20. Nf5 Qc6 21. Nxd6
Qxd6 22. Bf3 Bb5 23. Re1 c4 24. Qd4 cxb3 25. axb3 a6 26. Red1 Qb8 27. Qb4 Qb7
28. Qa5 Rc8 29. Bh5 Rxc1 30. Rxc1 Rc8 31. Bg4 Rxc1+ 32. Bxc1 Qc6 33. Qd8+ Kf7
34. Ba3 Kg6 35. Qg8 Qc2 36. Qxd5 Qxf2+ 37. Kh1 Qe1+ 38. Kh2 Qg3+ 39. Kg1 Qxe3+
40. Kh2 Qf4+ 41. Kg1 Qe5 42. Qb7 f5 43. Bh5+ Kxh5 44. Qf7+ Kh4 45. Be7+ Kg3 46.
Bd6 Nxd6 0-1

[Event "Canada Int. op"]
[Site "Contrecoeur CAN"]
[Date "2022.10.07"]
[Round "1.9"]
[White "Bolduc, Steve"]
[Black "Courtemanche, Marc"]
[Result "1-0"]
[WhiteElo "2155"]
[BlackElo "1745"]
[PlyCount "83"]
[EventDate "2022.10.07"]
[EventType "swiss"]
[EventRounds "5"]
[EventCountry "CAN"]

1. e4 c6 2. Nf3 d5 3. Nc3 dxe4 4. Nxe4 Nf6 5. Nxf6+ exf6 6. Bc4 Bd6 7. Qe2+ Qe7
8. Qxe7+ Bxe7 9. d4 O-O 10. Bf4 Nd7 11. O-O-O Nb6 12. Bb3 Bg4 13. Rhe1 Rfe8 14.
h3 Bxf3 15. gxf3 Bf8 16. c4 Rxe1 17. Rxe1 Rd8 18. Rd1 g6 19. a3 Bg7 20. Be3 f5
21. d5 cxd5 22. cxd5 Be5 23. f4 Bd6 24. Kc2 Nc8 25. Kd3 b6 26. Ba2 Bf8 27. Ke2
Nd6 28. Rc1 Rd7 29. Bd4 Bg7 30. Be5 Re7 31. Kd3 Bxe5 32. fxe5 Rxe5 33. Rc6 Nb7
34. d6 Kg7 35. b4 Re8 36. Kd4 Nd8 37. Rc8 Kf6 38. f4 h6 39. Kd5 g5 40. d7 Re2
41. Rxd8 Rxa2 42. Re8 1-0

[Event "Canada Int. op"]
[Site "Contrecoeur CAN"]
[Date "2022.10.07"]
[Round "1.9"]
[White "Zhe, Jia"]
[Black "Duong, Thanh Nha"]
[Result "0-1"]
[WhiteElo "1779"]
[BlackElo "2158"]
[PlyCount "76"]
[EventDate "2022.10.07"]
[EventType "swiss"]
[EventRounds "5"]
[EventCountry "CAN"]

1. e4 c5 2. Nf3 Nc6 3. d4 cxd4 4. Nxd4 Nf6 5. Nc3 d6 6. Bg5 e6 7. Qd2 a6 8. Be2
h6 9. Be3 Be7 10. O-O O-O 11. f4 Qc7 12. Kh1 Bd7 13. a4 Na5 14. Bg1 Rac8 15.
Rf3 Rfe8 16. Raf1 Bf8 17. Rg3 Kh8 18. Bd3 Nc4 19. Bxc4 Qxc4 20. e5 Qxf1 21.
exf6 e5 22. Rf3 Qc4 23. fxe5 dxe5 24. Nf5 Bxf5 25. Rxf5 Qg4 26. fxg7+ Bxg7 27.
Rxf7 Rcd8 28. Qe1 Rd7 29. Rf3 Qb4 30. Qc1 Rf8 31. Rh3 Qf4 32. Qe1 Qf1 33. Qe4
Rdf7 34. Ne2 Qf5 35. Qb4 Qxc2 36. Ng3 Qc1 37. Qb6 Qc6 38. Qb3 Rf2 0-1

[Event "Canada Int. op"]
[Site "Contrecoeur CAN"]
[Date "2022.10.07"]
[Round "1.10"]
[White "Wang, Derek"]
[Black "Zheng, Richard"]
[Result "0-1"]
[WhiteElo "1697"]
[BlackElo "2147"]
[PlyCount "72"]
[EventDate "2022.10.07"]
[EventType "swiss"]
[EventRounds "5"]
[EventCountry "CAN"]

1. Nf3 d5 2. c4 c6 3. d4 Nf6 4. Nc3 e6 5. Bg5 dxc4 6. a4 Bb4 7. Ne5 b5 8. e4
Qa5 9. Qf3 Bb7 10. Bxf6 Bxc3+ 11. bxc3 gxf6 12. Ng4 Nd7 13. Rc1 Qxa4 14. Be2
Qa3 15. O-O Qe7 16. Ra1 h5 17. Ne3 Nb6 18. Rfb1 a6 19. Nc2 f5 20. exf5 Nd5 21.
fxe6 fxe6 22. Nb4 Nxb4 23. cxb4 c5 24. Qc3 cxb4 25. Rxb4 Bd5 26. Bf3 Qb7 27.
Bxd5 Qxd5 28. Rb2 O-O 29. Re2 Rf4 30. Rd1 Rd8 31. Qh3 Qf5 32. Qc3 Rdxd4 33.
Qg3+ Qg4 34. Rxd4 Rxd4 35. Qb8+ Kh7 36. Qb7+ Qg7 0-1

[Event "Canada Int. op"]
[Site "Contrecoeur CAN"]
[Date "2022.10.07"]
[Round "1.11"]
[White "Han, Johnathan"]
[Black "Marcouiller, David"]
[Result "1-0"]
[WhiteElo "2141"]
[BlackElo "1666"]
[PlyCount "57"]
[EventDate "2022.10.07"]
[EventType "swiss"]
[EventRounds "5"]
[EventCountry "CAN"]

1. e4 d5 2. exd5 Qxd5 3. Nc3 Qd8 4. d4 g6 5. Nf3 Bg4 6. Bc4 Nf6 7. Bxf7+ Kxf7
8. Ne5+ Kg7 9. Nxg4 h5 10. Ne5 e6 11. Ne2 Nbd7 12. Nf4 Qe8 13. Nfxg6 Nxe5 14.
Nxe5 Rd8 15. Bg5 Qb5 16. Bxf6+ Kxf6 17. Qf3+ Ke7 18. Ng6+ Kd7 19. Nxh8 Kc8 20.
Ng6 Bh6 21. Ne5 Bd2+ 22. Kxd2 Qxe5 23. Rae1 Qa5+ 24. Qc3 Rxd4+ 25. Kc1 Qd5 26.
Rd1 e5 27. Rxd4 exd4 28. Qh3+ Kb8 29. Kb1 1-0

[Event "Canada Int. op"]
[Site "Contrecoeur CAN"]
[Date "2022.10.07"]
[Round "1.12"]
[White "Wang, Rachel"]
[Black "Chabot, Roland"]
[Result "0-1"]
[WhiteElo "1616"]
[BlackElo "2111"]
[PlyCount "148"]
[EventDate "2022.10.07"]
[EventType "swiss"]
[EventRounds "5"]
[EventCountry "CAN"]

1. d4 Nf6 2. c4 g6 3. Nc3 Bg7 4. e4 d6 5. Nf3 O-O 6. Be2 e5 7. O-O Nc6 8. d5
Ne7 9. Ne1 Nd7 10. Be3 f5 11. f3 f4 12. Bf2 g5 13. Nd3 Nf6 14. c5 Ng6 15. Rc1
Rf7 16. Qc2 h5 17. cxd6 cxd6 18. Nb5 Ne8 19. Nxa7 Bd7 20. Qb3 g4 21. Qb6 g3 22.
Qxd8 gxf2+ 23. Kxf2 Rxd8 24. Nb4 Bf6 25. Nb5 Rb8 26. Na3 Bd8 27. Nc4 Bb5 28.
Nc2 Bxc4 29. Bxc4 Bb6+ 30. Ke2 Nh4 31. g3 Ng6 32. b4 fxg3 33. hxg3 h4 34. gxh4
Nf4+ 35. Kd2 Nf6 36. a4 Rc7 37. Na3 Rbc8 38. a5 Bd4 39. b5 Bb2 40. b6 Bxc1+ 41.
Rxc1 Rc5 42. a6 bxa6 43. b7 Rb8 44. Bxa6 Rxc1 45. Kxc1 Nd7 46. Nc4 Nc5 47. Bb5
Nxb7 48. Bc6 Nd8 49. Bd7 Rb7 50. Bc6 Nxc6 51. dxc6 Rc7 52. Na5 Ne2+ 53. Kd2 Nd4
54. Ke3 Nxc6 55. Nc4 Nd4 56. Nxd6 Rc3+ 57. Kd2 Rxf3 58. Nc4 Nc6 59. Ne3 Rf4 60.
Kd3 Rxh4 61. Nf5 Rh1 62. Kc4 Rd1 63. Ne3 Rd4+ 64. Kb5 Ne7 65. Ng4 Ng6 66. Kc5
Rd1 67. Ne3 Rd3 68. Ng4 Kf7 69. Nf2 Rd2 70. Ng4 Ke6 71. Ne3 Re2 72. Nd5 Rxe4
73. Nc7+ Kd7 74. Kd5 Rd4+ 0-1